<?xml version="1.0" encoding="UTF-8"?><?xml-stylesheet type="text/xsl" href="static/style.xsl"?><OAI-PMH xmlns="http://www.openarchives.org/OAI/2.0/" xmlns:xsi="http://www.w3.org/2001/XMLSchema-instance" xsi:schemaLocation="http://www.openarchives.org/OAI/2.0/ http://www.openarchives.org/OAI/2.0/OAI-PMH.xsd"><responseDate>2026-04-18T17:03:36Z</responseDate><request verb="GetRecord" identifier="oai:recam.amb.cat:20.500.14439/2052" metadataPrefix="marc">https://recam.amb.cat/rest/oai/request</request><GetRecord><record><header><identifier>oai:recam.amb.cat:20.500.14439/2052</identifier><datestamp>2024-12-08T18:12:54Z</datestamp><setSpec>com_20.500.14439_113</setSpec><setSpec>col_20.500.14439_116</setSpec></header><metadata><record xmlns="http://www.loc.gov/MARC21/slim" xmlns:dcterms="http://purl.org/dc/terms/" xmlns:xsi="http://www.w3.org/2001/XMLSchema-instance" xmlns:doc="http://www.lyncode.com/xoai" xsi:schemaLocation="http://www.loc.gov/MARC21/slim http://www.loc.gov/standards/marcxml/schema/MARC21slim.xsd">
   <leader>00925njm 22002777a 4500</leader>
   <datafield ind2=" " ind1=" " tag="042">
      <subfield code="a">dc</subfield>
   </datafield>
   <datafield ind2=" " ind1=" " tag="720">
      <subfield code="a">Àrea Metropolitana de Barcelona</subfield>
      <subfield code="e">author</subfield>
   </datafield>
   <datafield ind2=" " ind1=" " tag="260">
      <subfield code="c">2021-12-14</subfield>
   </datafield>
   <datafield ind2=" " ind1=" " tag="520">
      <subfield code="a">El Pla d'internacionalització de l'AMB per al període 2021-2025 té la voluntat d'establir l'estratègia internacional per al conjunt de la institució i promoure la dimensió metropolitana, impulsar la captació de finançament per a projectes estratègics i facilitar la cooperació, la innovació i la transferència de coneixement. Aquest és un dels primers plans d'internacionalització realitzats per una entitat metropolitana. El Pla el va aprovar el Consell Metropolità el 27 de juliol del 2021 i l'elaboració s'havia iniciat el 2020 a través d'un procés participatiu en el qual es va comptar amb les aportacions de diferents actors metropolitans: ajuntaments, principals actors econòmics i socials del territori i altres socis estratègics de l'AMB.</subfield>
   </datafield>
   <datafield ind1="8" ind2=" " tag="024">
      <subfield code="a">https://hdl.handle.net/20.500.14439/2052</subfield>
   </datafield>
   <datafield ind1="8" ind2=" " tag="024">
      <subfield code="a">12086499</subfield>
   </datafield>
   <datafield ind1="8" ind2=" " tag="024">
      <subfield code="a">B 199979-2021</subfield>
   </datafield>
   <datafield tag="653" ind2=" " ind1=" ">
      <subfield code="a">Ciutats </subfield>
   </datafield>
   <datafield ind2="0" ind1="0" tag="245">
      <subfield code="a">Pla d'internacionalització de l'Àrea Metropolitana de Barcelona 2021-2025</subfield>
   </datafield>
</record></metadata></record></GetRecord></OAI-PMH>